<?xml version="1.0" encoding="UTF-8"?>
<collection xmlns="http://www.loc.gov/MARC21/slim">
 <record>
  <leader>00636nam a2200169 a 4500</leader>
  <controlfield tag="001">1/37398</controlfield>
  <controlfield tag="008">780106suuuu    nyua          00110 eng  </controlfield>
  <datafield tag="035" ind1=" " ind2=" ">
   <subfield code="l">40006</subfield>
  </datafield>
  <datafield tag="040" ind1=" " ind2=" ">
   <subfield code="a">DLC</subfield>
   <subfield code="b">GR-PeUP</subfield>
  </datafield>
  <datafield tag="082" ind1="0" ind2="0">
   <subfield code="a">153.3'5 KAU</subfield>
  </datafield>
  <datafield tag="100" ind1="1" ind2=" ">
   <subfield code="a">Kauffmann, Kurt.</subfield>
  </datafield>
  <datafield tag="245" ind1="1" ind2="4">
   <subfield code="a">The brain-workers' handbook /</subfield>
   <subfield code="c">by Kurt Kauffmann and Uve Jens Kruse. Translated by Frederick H. Burgess &amp; Herbert N. Casson.</subfield>
  </datafield>
  <datafield tag="260" ind1="0" ind2=" ">
   <subfield code="a">London :</subfield>
   <subfield code="b">Efficiency magazine,</subfield>
   <subfield code="c">c[19;;].</subfield>
  </datafield>
  <datafield tag="300" ind1=" " ind2=" ">
   <subfield code="a">ix, 107 σ. :</subfield>
   <subfield code="b">εικ. ;</subfield>
   <subfield code="c">19 εκ.</subfield>
  </datafield>
  <datafield tag="650" ind1=" " ind2="4">
   <subfield code="a">Creation (Literary, artistic, etc.)</subfield>
  </datafield>
  <datafield tag="700" ind1="1" ind2=" ">
   <subfield code="a">Kruse, Uve Jens.</subfield>
  </datafield>
  <datafield tag="852" ind1=" " ind2=" ">
   <subfield code="a">INST</subfield>
   <subfield code="b">UNIPILB</subfield>
   <subfield code="c">MAIN</subfield>
   <subfield code="e">20090331</subfield>
   <subfield code="h">153.3'5 KAU</subfield>
   <subfield code="p">00157682</subfield>
   <subfield code="q">00157682</subfield>
   <subfield code="t">LOAN</subfield>
   <subfield code="y">0</subfield>
   <subfield code="4">1</subfield>
  </datafield>
 </record>
</collection>
